000 00369 a2200097 4500
020 _a9211314321
082 _a352.50973 WOR
245 _aInnovative and Effective Approaches to Housing : A Guide to the Unchs Best Pratices Database /
_cUnited Nations Centre for Human Settlements
260 _aUSA :
_bUnited Nations Centre for Human Settlements,
300 _a88p. :
_bill. ;
_c30 cm
650 _aHousing
999 _c2142
_d2142